| 000 | 00717nam a22001937a 4500 | ||
|---|---|---|---|
| 005 | 20180310112517.0 | ||
| 010 | _aB-663981 | ||
| 020 |
_a9788126042487 _c50.00 |
||
| 035 | _aB-663981 | ||
| 037 |
_adpl _bPBD |
||
| 082 | _a821.9109 | ||
| 100 | _aZaidi, Nishat | ||
| 245 |
_aMakers of Indian literature Agha Shahit Ali / _cby Nishat Zaidi |
||
| 260 |
_aNew Delhi _bSahitya Akademi _c2014 |
||
| 270 |
_aSwati, Mandir Marg, _bNew Delhi _e110001 |
||
| 300 |
_a135p. _c21cm(pbk) |
||
| 942 |
_2ddc _cEN _mZAI _h821.9109 |
||
| 999 |
_c150307 _d150307 |
||